Statistics for Countries colonized by Greeks

Click here to take the quiz!

General Stats

  • This quiz has been taken 55 times
  • The average score is 15 of 18

Answer Stats

Country% Correct
Italy
100%
Turkey
98%
Egypt
96%
Albania
92%
Bulgaria
92%
FYR Macedonia
92%
Croatia
88%
Libya
88%
Russia
85%
Cyprus
83%
France
83%
Romania
83%
Spain
81%
Montenegro
77%
Ukraine
77%
Malta
75%
Greece
73%
Georgia
63%

Score Distribution

Percentile by Number Answered

Percent of People with Each Score

Your Score History

You have not taken this quiz